| 000 | 00000nam##2200000za#4500 |
| 001 | 9.695852 |
| 003 | CaOODSP |
| 005 | 20210624234751 |
| 007 | cr ||||||||||| |
| 008 | 150407|2002||||xxc|||||o f|0| 0 eng|d |
| 040 | |aCaOODSP|beng |
| 043 | |an-cn--- |
| 086 | 1 |aR2-222/2002E-PDF |
| 110 | 1 |aCanada.|bIndian and Northern Affairs. |bResearch and Analysis Directorate. |
| 245 | 10|aReview of literature on fiscal relationships / |h[electronic resource]|csubmitted by Danalyn MacKinnon. |
| 260 | |aOttawa - Ontario : |bIndian and Northern Affairs. |c2002. |
| 300 | |a85p. |
| 500 | |aIncorrect catalogue number (2-222/2002E) and ISBN (0-662-32683-0) copied in this electronic version. |
| 504 | |aBibliography. |
| 590 | |a12-31-Supp|b2012-07-06 |
| 690 | 07|aAccountability|2gcpds |
| 690 | 07|aFiscal policy|2gcpds |
| 720 | 1 |aMacKinnon, Danalyn |
| 775 | 08|tExamen de la littérature sur les relations financières / |w(CaOODSP)9.639959 |
| 856 | 40|ahttp://publications.gc.ca|qPDF|s362 KB|uhttps://publications.gc.ca/collections/collection_2012/ainc-inac/R2-222-2002-eng.pdf |
| 986 | |aQS-7039-000-EE-A1 |